Nói chuyện tâm lý
Gespeichert in:
| 1. Verfasser: | |
|---|---|
| Format: | Buch |
| Sprache: | Undetermined |
| Veröffentlicht: |
Hà Nội
Thanh niên
1978
|
| Schlagworte: | |
| Tags: |
Tag hinzufügen
Keine Tags, Fügen Sie den ersten Tag hinzu!
|
| Thư viện lưu trữ: | Trung tâm Học liệu Trường Đại học Cần Thơ |
|---|
| LEADER | 00477nam a2200169Ia 4500 | ||
|---|---|---|---|
| 001 | CTU_9282 | ||
| 008 | 210402s9999 xx 000 0 und d | ||
| 082 | |a 808.5 | ||
| 082 | |b Gi100n | ||
| 100 | |a Phạm Hoàng Gia | ||
| 245 | 0 | |a Nói chuyện tâm lý | |
| 245 | 0 | |c Phạm Hoàng Gia, Đỗ Cao Toàn | |
| 260 | |a Hà Nội | ||
| 260 | |b Thanh niên | ||
| 260 | |c 1978 | ||
| 650 | |a psychology, applied | ||
| 980 | |a Trung tâm Học liệu Trường Đại học Cần Thơ | ||